| 000 | 00820nam a22002177a 4500 | ||
|---|---|---|---|
| 005 | 20180310113142.0 | ||
| 010 | _aB-663983 | ||
| 020 |
_a9788126033331 _c200.00 |
||
| 035 | _aB-663983 | ||
| 037 |
_adpl _bPBD |
||
| 082 | _a891.44371 | ||
| 100 | _aBhaduri, Satinath | ||
| 245 |
_aDhorai Charit Manas / _cby Satinath Bhaduri ; translated from Bengali by Ipshita Chanda |
||
| 260 |
_aNew Delhi _bSahitya Akademi _c2014 |
||
| 270 |
_aSwati, Mandir Marg, _bNew Delhi _e110001 |
||
| 300 |
_axiv,343p. _c23cm(Hb) |
||
| 490 | _aKatha Bharti Series | ||
| 700 | _aChanda, Ipshita | ||
| 942 |
_2ddc _cEN _mBHA _h891.44371 |
||
| 999 |
_c150312 _d150312 |
||